Sports Quiz

Random Sports or Cricket Quiz

CRICKET: ASHES PLAYERS (2000-2009) Quiz Stats

 Plays Quiz not verified by Sporcle

Score 0/77 Timer 10:00
0 Plays Today
NATION PLAYER % Correct
AUSTRALIARicky PONTING
95.6%
AUSTRALIAShane WARNE
95.6%
ENGLANDAndrew STRAUSS
92.2%
ENGLANDAndrew FLINTOFF
91.7%
AUSTRALIAGlenn McGRATH
91.5%
AUSTRALIAMatthew HAYDEN
90.8%
AUSTRALIAAdam GILCHRIST
88.7%
ENGLANDKevin PIETERSEN
88.7%
ENGLANDIan BELL
88.5%
ENGLANDSimon JONES
88.4%
ENGLANDGeraint JONES
88.3%
AUSTRALIAJustin LANGER
88%
ENGLANDMichael VAUGHAN
88%
ENGLANDSteve HARMISON
85.7%
AUSTRALIAStuart CLARK
85.2%
ENGLANDAlastair COOK
85%
AUSTRALIABrett LEE
84.9%
ENGLANDMarcus TRESCOTHICK
84.4%
ENGLANDJames ANDERSON
83.3%
AUSTRALIAJason GILLESPIE
82.2%
ENGLANDMatthew HOGGARD
81.9%
AUSTRALIAMichael CLARKE
81.8%
ENGLANDAshley GILES
81%
AUSTRALIASteve WAUGH
79.8%
AUSTRALIAMark WAUGH
79.8%
ENGLANDPaul COLLINGWOOD
79.6%
ENGLANDGraeme SWANN
79.2%
ENGLANDMonty PANESAR
78.1%
ENGLANDNasser HUSSAIN
76.7%
ENGLANDStuart BROAD
74.9%
AUSTRALIADamien MARTYN
74.2%
ENGLANDMatt PRIOR
74%
ENGLANDAlec STEWART
73.4%
ENGLANDMike ATHERTON
71.7%
AUSTRALIAMitchell JOHNSON
71.4%
ENGLANDJonathan TROTT
68.9%
ENGLANDDarren GOUGH
67.6%
AUSTRALIABrad HADDIN
66.5%
ENGLANDGraham THORPE
65.9%
NATION PLAYER % Correct
AUSTRALIAMike HUSSEY
65.1%
AUSTRALIASimon KATICH
64.9%
ENGLANDAndrew CADDICK
63.4%
ENGLANDMark BUTCHER
61.5%
AUSTRALIAPeter SIDDLE
60.6%
AUSTRALIAShane WATSON
60.2%
AUSTRALIAStuart MacGILL
58%
AUSTRALIAMichael KASPROWICZ
58%
AUSTRALIAPhil HUGHES
54.1%
ENGLANDRavi BOPARA
53.4%
AUSTRALIABen HILFENHAUS
53.4%
ENGLANDMark RAMPRAKASH
50.4%
AUSTRALIANathan HAURITZ
49%
AUSTRALIAShaun TAIT
48.8%
AUSTRALIAMarcus NORTH
48%
AUSTRALIAAndrew SYMONDS
48%
ENGLANDGraham ONIONS
47.4%
AUSTRALIAMichael SLATER
45.2%
ENGLANDChris READ
41.6%
ENGLANDPhil TUFNELL
37.7%
ENGLANDCraig WHITE
36.6%
AUSTRALIADarren LEHMANN
36.2%
ENGLANDDomenic CORK
35.3%
ENGLANDRobert KEY
33.3%
ENGLANDSajid MAHMOOD
30.8%
AUSTRALIAAndy BICHEL
28.8%
AUSTRALIAGraham MANOU
28.6%
ENGLANDAlex TUDOR
28.3%
ENGLANDJohn CRAWLEY
28.1%
ENGLANDJames FOSTER
27.7%
ENGLANDRobert CROFT
26.6%
ENGLANDAlan MULLALLY
23.4%
ENGLANDUsman AFZAAL
23.1%
ENGLANDIan WARD
21.1%
ENGLANDRichard DAWSON
21%
AUSTRALIAMartin LOVE
20%
ENGLANDJames ORMOND
14.4%
ENGLANDChris SILVERWOOD
13.7%

You're not logged in!

Compare scores with friends on all Sporcle quizzes.
OR
Log In

Show Comments

Extras

Top Quizzes Today


Score Distribution

Your Account Isn't Verified!

In order to create a playlist on Sporcle, you need to verify the email address you used during registration. Go to your Sporcle Settings to finish the process.

Report this User

Report this user for behavior that violates our Community Guidelines.

Details: